000 04019cam a2201777 4500
003 PE-LiUPU
005 20250813165915.0
020 _a8496437442
035 _a(Sirsi) i9788496437449
035 _a(Sirsi) 50231
035 _a(Sirsi) 50231
041 _aes
044 _aes
082 0 4 _a620.1
_bP45
100 1 _aPero-Sanz Elorz, José Antonio
245 _aCiencia e ingeniería de materiales /
_cestructura, transformaciones propiedades y selección
_cJosé Antonio Pero-Sanz Elorz.
250 _a5a ed.
264 1 _aMadrid :
_bCIE - DOSSAT 2000,
_c2006
300 _axv, 673 páginas :
_bilustraciones ;
_c24 cm.
505 0 _aLos materiales estructurales naturales, cerámicos, polímeros y compuestos -- Solidificación de un metal puro. Consideraciones generales -- La solidificación de un metal puro. Cinética del cambio -- Aleaciones. Insolubilidad total y solubili
526 _aP203
526 _aP200
526 _aSEG65
526 _aSEG64
526 _aSEG63
526 _aSEG62
526 _aSEG61
526 _aSEG60
526 _aSEG59
526 _aSEG58
526 _aSEG57
526 _aSEG56
526 _aSEG55
526 _aSEG54
526 _aSEG53
526 _aSEG52
526 _aSEG51
526 _aSEG50
526 _aSEG49
526 _aSEG48
526 _aSEG47
526 _aSEG46
526 _aSEG24
526 _aSEG23
526 _aSEG22
526 _aSEG21
526 _aSEG20
526 _aSEG19
526 _aSEG18
526 _aSEG17
526 _aSEG16
526 _aSEG14
526 _aSEG13
526 _aSEG12
526 _aSEG11
526 _aSEG10
526 _aSEG09
526 _aSEG06
526 _aSEG05
526 _aSEG04
526 _aSEG03
526 _aSEG02
526 _aSEG68
526 _aSEG66
526 _aSEG45
526 _aSEG25
526 _aSEG01
526 _aP163
526 _aP162
526 _aP161
526 _aP160
526 _aP159
526 _aP158
526 _aP157
526 _aP156
526 _aP155
526 _aP154
526 _aP153
526 _aP152
526 _aP151
526 _aP150
526 _aP149
526 _aP142
526 _aP141
526 _aP140
526 _aP139
526 _aP138
526 _aP137
526 _aP132
526 _aP131
526 _aP130
526 _aP126
526 _aP125
526 _aP124
526 _aP123
526 _aP115
526 _aP122
526 _aP121
526 _aP116
526 _a P114
526 _aP112
526 _aP111
526 _aP104
526 _aP103
526 _aP102
526 _aP101
526 _aP100
526 _aP96
526 _aP95
526 _aP93
526 _aP92
526 _aP91
526 _aP88
526 _aP83
526 _aP82
526 _aP79
526 _aP78
526 _aP75
526 _aP74
526 _aP71
526 _aP69
526 _a P51
526 _aP49
526 _aP48
526 _aP47
526 _aP33
526 _aP31
526 _a P30
526 _aP29
526 _aP27
526 _aP26
526 _aP25
526 _aP24
526 _a P22
526 _aP10
526 _aP09
526 _a P08
526 _aP06
526 _aP05
526 _aP04
526 _aP01
650 1 4 _aIngeniería de estructuras
_9146
650 1 4 _aMateriales
859 _q67267
_h620.1
_iP45
910 _agl
_b
_cbd
_d20120527
942 _2ddc
_cBOOK
949 _a620.1 P45
_i67267
_lCCODEBUL1
_mBUL
_tLIBRO
_o.STAFF. Colección General
596 _a1
999 _a620.1 P45
_wDEWEY
_c54855
_i67267
_d54855
_e2016-4-12
_f2021-11-9
_g7
_lCCODEBUL1
_mBUL
_n3
_p105.00
_r0
_sY
_tBOOK
_u2015-7-6
_xINGENIERIA
_PP25
_0COMPRA
_o.STAFF. Colección General
980 _81
_gALBERTO SANCHEZ Responsable de Automatización